Normal view MARC view

Entry Topical Term

Number of records used in: 1

001 - CONTROL NUMBER

  • control field: 15644

003 - CONTROL NUMBER IDENTIFIER

  • control field: OSt

005 - DATE AND TIME OF LATEST TRANSACTION

  • control field: 20200129151342.0

008 - FIXED-LENGTH DATA ELEMENTS

  • fixed length control field: 200129|| aca||aabn | a|a d

040 ## - CATALOGING SOURCE

  • Original cataloging agency: OSt
  • Transcribing agency: OSt

150 ## - HEADING--TOPICAL TERM

  • Topical term or geographic name entry element: Defence - China

670 ## - SOURCE DATA FOUND

  • Source citation: Work cat.: (OSt): Prathibha, M.S. 15643, China's DF-41 Ballistic missile deployment and the impact on its nuclear deterrence

Powered by Koha